000 00328nam a2200157Ia 4500
100 _aBrian Adams
650 _aPhilosophy
942 _cBK
654 _asecceed
245 _aHow to Succeed
260 _bBetter Yourself Books
_aBandra
_c1969
082 _a170/BRI
_bBRI
300 _a231
546 _aENGLISH
999 _c35123
_d35123